Gaming Quiz

Random Gaming or Video Games Quiz
Score 0/16 Timer 08:00
1 Play Today
% Correct
Correct! Yoshi is not pictured!
87.6%
Correct! Charizard is not pictured!
81.6%
Correct! Shadow is not pictured!
77.7%
Correct! Aku Aku is not pictured!
74.6%
Correct! Flood is not pictured!
64.6%
Correct! Raphael is not pictured!
62.7%
Correct! King Hippo is not pictured!
62.1%
Correct! Lord Wily is not pictured!
60.1%
% Correct
Correct! Carl 'CJ' Johnson is not pictured!
57.6%
Correct! Liu Kang is not pictured!
57.1%
Correct! Emperor Ing is not pictured!
55.2%
Correct! King is not pictured!
54%
Correct! Zangief is not pictured!
53.4%
Correct! Tidus is not pictured!
44.4%
Correct! General Shepherd is not pictured!
34.6%
Correct! Abraham Reyes is not pictured!
31.5%
Come Together.
Have Fun.
All Virtual.
We all need to come together. Play Sporcle's virtual live trivia to have fun, connect with people, and get your trivia on. Join a live hosted trivia game for your favorite pub trivia experience done virtually. If a virtual private party is more your thing, go here for details.

You're not logged in!

Compare scores with friends on all Sporcle quizzes.
OR
Log In

Sporcle TV

Today on Sporcle TV


Watch our educational content, quiz creation guides, and fun videos on Sporcle TV.

Show Comments

Extras

Top Quizzes Today


Score Distribution

Paid Content

Your Account Isn't Verified!

In order to create a playlist on Sporcle, you need to verify the email address you used during registration. Go to your Sporcle Settings to finish the process.

Report this User

Report this user for behavior that violates our Community Guidelines.

Details: